Colección de Peces del Instituto Alexander von Humboldt (IAvH), nuevos registros y representatividad (Registro nro. 13577)

Detalles MARC
000 -CABECERA
Campo de control 004070000a22001210004500
090 ## - CLASIFICACIÓN LOCAL
Colección AR
Consecutivo 04478
041 0# - IDIOMA
Código de idioma para texto/pista de sonido o título separado
100 1# - ASIENTO PRINCIPAL--NOMBRE PERSONAL
Nombre personal Bogotá Gregory, Juan David
245 10 - MENCION DE TITULO
Título Colección de Peces del Instituto Alexander von Humboldt (IAvH), nuevos registros y representatividad
Version parte I; Orinoquia
700 1# - ASIENTO SECUNDARIO - NOMBRE PERSONAL
Nombre personal Maldonado Ocampo, Javier A.
773 1# - Item fuente:
Título Dahila
Descripción física 8
Paginas del Articulo 29-37
Lugar, editorial y fecha de publicación 2005
942 ## - ELEMENTOS ADICIONALES (KOHA)
Tipo de ítem Artículo
Existencias
Withdrawn status Lost status Damaged status No para préstamo Colección Ubicación Permanente Ubicación actual Fecha de adquisición Datos de publicación Seriada Total Checkouts Número topográfico Inventario / Código de Barras Date last seen Ejemplar Price effective from Forma de adquisición Tipo de material
      No para Préstamo Hemeroteca Bogotá Bogotá 27/11/2007 Fuera de circulación   AR 04478 025537 25/03/2015 1 25/03/2015   Artículo